| 000 | 01657cab a2200253 4500 | ||
|---|---|---|---|
| 001 | ABS47270 | ||
| 008 | 090401t1992 xxu||||| |||| 00| 0 eng d | ||
| 035 | _a(Sirsi) u61321 | ||
| 041 | _aeng | ||
| 245 | _aDavis v Stone | ||
| 260 | _c1992 | ||
| 350 | _a0 | ||
| 490 |
_aEstates Gazette _v(1992) 41 EG 122-123(2) |
||
| 520 | _aLVT 1 April 1992. Decision made following an application under Landlord and Tenant Act 1987 s13 by the applicant, D, the nominated person within the meaning of that section, for the determination of the price to be paid for to the respondent, S, for the premises in question and to settle the terms of the conveyance consequent on the service on S of a purchase note dated June 1991, under s12 of the Act on behalf of the lessees of seven flats within the premises. S had purchased the premises at auction in 1990 subject to and with the benefit of existing leases and subject to a number of special conditions of sale. These included that any arrears due at that time should be paid by S to the vendor and recovered later from tenants. S claimed the true purchase price of the property was £13,389 ie the sum of £4,500 paid at auction and £8,889 paid as rent arrears. D disputed this and claimed the correct amount which he had offered to S was £2,2720 representing 8 years` purchase of the total | ||
| 650 | _aDETERMINATION OF PRICE | ||
| 650 | _aLANDLORD AND TENANT ACT 1987 S13 | ||
| 650 | _aPURCHASE NOTE | ||
| 650 | _aREVERSIONARY INTEREST | ||
| 650 | _aRIGHT TO BUY | ||
| 650 | _aTERMS OF CONVEYANCE | ||
| 690 | _aLANDLORD AND TENANT-CASE LAW-RESIDENTIAL TENANCIES | ||
| 942 | _n0 | ||
| 948 | _c04/03/1997 | ||
| 999 |
_c37965 _d37965 |
||